Chansons 🎶 en emojis 🎤 #4 - Statistiques

Statistiques générales
  • Ce quiz a été pris 1 452 fois
  • Le résultat moyen est 4 sur 10
Statistiques - réponses
Titre % Correct
🥗 2️⃣ 🍑🍓🥝 Salade de fruits
87%
⏱ 🍒 Le temps des cerises
67%
✉️ 🇫🇷 Lettre à France
61%
🌹 🌹 ⚪️ Les roses blanches
50%
🕔 🌇🇫🇷 💤 ⏰ Il est 5 heures, Paris s'éveille
33%
🌍 🪐 Les planètes
31%
💦 ➡️ 👄 L'eau à la bouche
26%
🔙 ❤️ - ❤️ -❤️ 🔜 Je t'aimais, je t'aime, je t'aimerai
22%
💃 🎯 ⏳ La valse à mille temps
6%
🌉 🌁 Nuit et Brouillard
0%
Aucun quiz correspondant
Distribution des résultats
% des personnes avec chaque résultat
Percentile par nombre de réponses
Votre historique - résultats
Vous n’avez pas pris ce quiz